书目信息 |
| 题名: |
PC DIY 外存储设备玩家实战
|
|
| 作者: | 李超仁 著 | |
| 分册: | ||
| 出版信息: | 北京 人民邮电出版社 1999 |
|
| 页数: | 384页 | |
| 开本: | 24cm | |
| 丛书名: | 旗标系列图书 | |
| 单 册: | ||
| 中图分类: | TP333.2 | |
| 科图分类: | ||
| 主题词: | 电子数字计算机 | |
| 电子资源: | ||
| ISBN: | 7-115-07709-6 | |
| 000 | 00630nam0 2200217 45 | |
| 001 | 0303050988 | |
| 005 | 20031219104106.3 | |
| 010 | @a7-115-07709-6@dCNY36.00 | |
| 100 | @a20030305d1999 km y0chiy0120 ea | |
| 101 | 0 | @achi |
| 105 | @a z 000yy | |
| 200 | 1 | @aPC DIY 外存储设备玩家实战@APC DIY Wai Cun Chu She Bei Wan Jia Shi Zhan@f李超仁著@FLi Chao Ren Zhu |
| 210 | @a北京@c人民邮电出版社@d1999 | |
| 215 | @a384页@d24cm | |
| 225 | @a旗标系列图书 | |
| 410 | @12001 @a旗标系列图书 | |
| 606 | 0 | @a电子数字计算机 |
| 690 | @aTP333.2@v4 | |
| 701 | 0 | @a李超仁@4著 |
| 801 | @aCN@bTSTC@c20030305 | |
| 905 | @b320446@dTP333.2@e66@f1 | |
| PC DIY 外存储设备玩家实战/李超仁著.-北京:人民邮电出版社,1999 |
| 384页;24cm.-(旗标系列图书) |
| ISBN 7-115-07709-6:CNY36.00 |
| ● |
| 相关链接 |
|
|
|
|
正题名:PC DIY 外存储设备玩家实战
索取号:TP333.2/66
 
预约/预借
| 序号 | 登录号 | 条形码 | 馆藏地/架位号 | 状态 | 备注 |
| 1 | 0320446 | 203204460 | 第二样本阅览室/ [索取号:TP333.2/66] | 在馆 |